000 01209nam a2200289 a 4500
001 000000033
003 OSt
005 20240409123744.0
008 081124s1975 dr b r 000 0 spa d
040 _aDO-SdBNP
_bspa
_cBNPHU
082 _a972.9304
_bG195a
100 1 _aGándara y Navarro, José de la,
_d1820-1885.
_9137
245 1 0 _aAnexión y guerra de Santo Domingo /
_cJosé de la Gándara ; prólogo Cristino Mártos.
250 _aEd. facsímilar
260 _aSanto Domingo :
_bEditora de Santo Domingo,
_c1975.
300 _a2 v. :
_bmapa. ;
_c23 cm.
490 1 _aSociedad Dominicana de Bibliófilos. Colección de Cultura Dominicana.
504 _aIncluye referencias bibliográficas y notas al pie de las páginas.
533 _aFacsímil de:
_bMadrid:
_cImprenta de El Correo Militar,
_d1884.
590 _aInventariado, 2020/YL
651 0 _aRepública Dominicana --
_xHistoria --
_yHasta, 1844
_9138
651 4 _aRepública Dominicana
_xHistoria
_yANEXIÓN A ESPAÑA, 1861-1865
_9139
700 1 2 _aMártos, Cristino,
_epról.
_9140
830 0 _aSociedad Dominicana de Bibliófilos. Colección de Cultura Dominicana.
_9141
910 _aValidado. Control de calidad. MMOLINA
942 _2ddc
_cLBS1
999 _c33
_d33